000 00693cab a2200229 4500
001 WB3505-46
008 090401t1999 xxu||||| |||| 00| 0 eng d
035 _a(Sirsi) u91108
041 _aeng
245 _aCPO flying squads
260 _c1999
350 _a0
490 _aRICS Press Release
_v(pr161) 2 February 1999 (3)
520 _aThe Urban Task Force has recommended the introduction of a `flying squad` of compulsory purchase system experts to speed up the process of land assembly.
650 _aCOMPULSORY PURCHASE ORDERS
650 _aEXPERTS
650 _aLAND ASSEMBLY
650 _aURBAN TASK FORCE
690 _aURBAN RENEWAL
942 _n0
948 _c04/02/1999
999 _c57814
_d57814